=LDR 00000nam 2200000 4500 =001 INLIS00000000000007 =005 20260701142206 =082 ##$$a 910.6 =245 1 $$a 80 Tahun Antara =260 ##$$a Jakarta :$b Kantor Berita Antara,$c 2017 =300 ##$$a 109 hlm. ; 15 cm.